000 01160nam a2200337Ic 4500
001 59403
003 CO-BoRNBP
005 20251008201401.0
007 ta
008 210823s2017 mx a j 000 0 spa
020 _a9786071652560
040 _aCO-BoRNBP
_bspa
_erda
_cCO-BoRNBP
041 0 _aspa
082 0 4 _a513
_bP73l
_222
100 _aPrieto de Castro, Carlos
_d1948-
_eaut
_965464
245 1 0 _aLo imposible en matemáticas /
_cCarlos Prieto de Castro.
250 _aPrimera edición
264 1 _aMéxico :
_bFondo de Cultura Económica,
_c2017
300 _a224 páginas :
_bilustraciones a color, diagramas
336 _atexto
_btxt
_2rdacontent
337 _asin mediación
_bn
_2rdamedia
338 _avolumen
_bnc
_2rdacarrier
490 0 _aLa ciencia para todos ; 249
500 _aIncluye bibliografía en páginas 223-224
500 _aIncluye datos biográficos del autor en la cubierta
521 _aRecomendado para un público mayor de 15 años
650 0 7 _aGeometría
_xFundamentos
_2lemb
_965465
650 0 7 _aMatemáticas
_xFórmulas y recetas
_2lemb
_965466
650 0 7 _aMatemáticas
_xHistoria
_2lemb
_965395
942 _2ddc
_cBK
999 _c59403
_d59403